El medi atmosfèric : contaminació i meteorologia contaminació i meteorologia
Publicado:
Barcelona :
Servei del Medi Ambient de la Diputació de Barcelona : Centre Metereològic Zonal de Barcelona de l'Instituto Nacional de Metereología ,
1992
Descripción Física:
9 vols. enquadernats ; 30 cm. ; taules ; gràf. ; periodicitat: trimestral
Materias:
Meteorologia -- Barcelona (Província) -- Revistes
; Aire -- Contaminació -- Revistes
; Revistes
Idioma:
Catalán
MARC
| LEADER | 00000nas a2200000 a 4500 | ||
|---|---|---|---|
| 001 | 15726, 15727, 15728, 15729, 15730, 15731, 15732, 15733, 15734 | ||
| 003 | Arxiu | ||
| 005 | 20260324181030.0 | ||
| 008 | 160829s9999 xx 000 0 cat d | ||
| 017 | |a B 4478-1983 | ||
| 022 | |a 0213-4349 | ||
| 022 | |a 1134-4040 | ||
| 040 | |a agdb | ||
| 041 | |a cat | ||
| 245 | |a El medi atmosfèric : |b contaminació i meteorologia | ||
| 247 | |a El medi atmosfèric a les comarques de Barcelona | ||
| 260 | |a Barcelona : |b Servei del Medi Ambient de la Diputació de Barcelona : |b Centre Metereològic Zonal de Barcelona de l'Instituto Nacional de Metereología ; |c 1992-2000 | ||
| 300 | |a 9 vols. enquadernats ; |c 30 cm. ; |b taules ; gràf. ; periodicitat: trimestral | ||
| 310 | |a Trimestral | ||
| 362 | |a Núm. 103 (gener/març 1992) - Núm. 138 (octubre/desembre 2000) | ||
| 590 | |a Continua la numeració. | ||
| 590 | |a També disponible en disquet que publica com a material d'acompanyament | ||
| 650 | |a Meteorologia |x Barcelona (Província) |x Revistes |9 28459 | ||
| 650 | |a Aire |x Contaminació |x Revistes |9 28462 | ||
| 655 | 0 | |9 55823 |a Revistes | |
| 710 | 1 | |a Barcelona (Catalunya : Província). |b Servei de Medi Ambient |9 53475 | |
| 710 | 1 | |a Instituto Nacional de Meteorología (Espanya) |b Centre Meteorològic Zonal de Barcelona |9 71194 | |
| 780 | 0 | 0 | |t El medi atmosfèric a les comarques de Barcelona |
| 866 | |a Núm. 103 (gener/març 1992) - Núm. 138 (octubre/desembre 2000) | ||
| 901 | |a Arxiu | ||
| 942 | |n 1 |2 udc |c REV | ||
| 952 | |0 0 |1 0 |2 udc |4 0 |6 REV347 |7 1 |9 44824 |a Arxiu |b Arxiu |d 2016-12-01 |h Núm. 103 (gener/març 1992) - Núm. 106 (octubre/desembre 1992) |o Rev-347 |p 15726 |r 2016-12-01 00:00:00 |w 2016-12-01 |y ARXIU | ||
| 952 | |0 0 |1 0 |2 udc |4 0 |6 REV348 |7 1 |9 64027 |a Arxiu |b Arxiu |d 2022-10-19 |h Núm. 107 (gener/març 1993) - Núm. 110 (octubre/desembre 1993) |l 0 |o Rev-348 |p 15727 |r 2022-10-19 00:00:00 |w 2022-10-19 |y ARXIU | ||
| 952 | |0 0 |1 0 |2 udc |4 0 |6 REV349 |7 1 |9 64028 |a Arxiu |b Arxiu |d 2022-10-19 |h Núm. 111 (gener/març 1994) - Núm. 114 (octubre/desembre 1994) |l 0 |o Rev-349 |p 15728 |r 2022-10-19 00:00:00 |w 2022-10-19 |y ARXIU | ||
| 952 | |0 0 |1 0 |2 udc |4 0 |6 REV350 |7 1 |9 64029 |a Arxiu |b Arxiu |d 2022-10-19 |h Núm. 115 (gener/març 1995) - Núm. 118 (octubre/desembre 1995) |l 0 |o Rev-350 |p 15729 |r 2022-10-19 00:00:00 |w 2022-10-19 |y ARXIU | ||
| 952 | |0 0 |1 0 |2 udc |4 0 |6 REV351 |7 1 |9 64030 |a Arxiu |b Arxiu |d 2022-10-19 |h Núm. 119 (gener/març 1996) - Núm. 122 (octubre/desembre 1996) |l 0 |o Rev-351 |p 15730 |r 2022-10-19 00:00:00 |w 2022-10-19 |y ARXIU | ||
| 952 | |0 0 |1 0 |2 udc |4 0 |6 REV352 |7 1 |9 64031 |a Arxiu |b Arxiu |d 2022-10-19 |h Núm. 123 (gener/març 1997) - Núm. 126 (octubre/desembre 1997) |l 0 |o Rev-352 |p 15731 |r 2022-10-19 00:00:00 |w 2022-10-19 |y ARXIU | ||
| 952 | |0 0 |1 0 |2 udc |4 0 |6 REV353 |7 1 |9 64032 |a Arxiu |b Arxiu |d 2022-10-19 |h Núm. 127 (gener/març 1998) - Núm. 130 (octubre/desembre 1998) |l 0 |o Rev-353 |p 15732 |r 2022-10-19 00:00:00 |w 2022-10-19 |y ARXIU | ||
| 952 | |0 0 |1 0 |2 udc |4 0 |6 REV354 |7 1 |9 64033 |a Arxiu |b Arxiu |d 2022-10-19 |h Núm. 131 (gener/març 1999) - Núm. 134 (octubre/desembre 1999) |l 0 |o Rev-354 |p 15733 |r 2022-10-19 00:00:00 |w 2022-10-19 |y ARXIU | ||
| 952 | |0 0 |1 0 |2 udc |4 0 |6 REV355 |7 1 |9 64034 |a Arxiu |b Arxiu |d 2022-10-19 |h Núm. 135 (gener/març 2000) - Núm. 138 (octubre/desembre 2000) |l 0 |o Rev-355 |p 15734 |r 2022-10-19 00:00:00 |w 2022-10-19 |y ARXIU | ||
| 999 | |c 47422 |d 47422 | ||